00280nam a2200109Ia 4500008004000000082001600040100002600056245002700082260003800109300000800147650001500155210210b1972 xxu||||| |||| 00| 0 eng d a796.48 DEMS aDe MELLOW (Melville). aStory of the olympics. aDelhi.bNational Book Trustc1972 a178 aOlympics